000
00277nam a2200121Ia 4500
005
20251222143109.0
008
251222s9999||||xx |||||||||||||| ||spa||
082
_a
302.3/D25
100
_a
Darder, Pere
245
0
_a
El Niño y los demás
264
_b
Nova Terra
942
_c
LIB
999
_c
11119
_d
11119